Представление документа в формате RUSMARC

Поле Инд. ПП Название Значение
Тип записи a
Библиографический уровень a
001 Контрольный номер b77149052e644e83be80df0eab3800ea
005 Дата корректировки 20250226170651.2
100 a Данные общей обработки 20250226 ||| 0rusy0189 ca
101 0_ a Язык текста rus
102 a Страна публикации RU
200 1_ a Заглавие Причинная связь в сложных ситуациях: неосторожные преступления
b Общее обозначение материала Электронный ресурс
200 1_ f Первые сведения об ответственности Г.А. Есаков
210 1_ d Дата издания 2024
461 _0 1 2000
a Уголовное право
463 _0 1 2000
a № 4
b Электронный ресурс
v С. 20-35
1 2101
d 2024
1 001f340b9d8dbd149ca9e13d7ef949a17b6
606 a Основная рубрика Право. Юридические науки
x Основная подрубрика Уголовное право
610 0_ a Ключевые слова ВИНА
a Ключевые слова ПОСЛЕДСТВИЯ
a Ключевые слова ПРИЧИННАЯ СВЯЗЬ
700 _1 a Фамилия Есаков
b Имя Г.А.
801 _0 a Страна RU
b Организация РГУП
c Дата составления 20250226
g Правила каталогизации PSBO
801 _1 a Страна RU
b Организация РГУП
c Дата составления 20250226
g Правила каталогизации PSBO
856 4_ u URL https://dlib.eastview.com/browse/article/97378709/viewer?udb=12
901 t Тип документа b
w Контрольный № источника f340b9d8dbd149ca9e13d7ef949a17b6
905 a Дата ввода 20250226